| 000 | 00890nac a22002411u 4500 | ||
|---|---|---|---|
| 010 | _a 80002675 | ||
| 020 | _a087814112X | ||
| 022 | _a00294600778. | ||
| 082 | 0 | 0 |
_a380.50973 _bW85012 |
| 090 |
_c2919 _d2919 |
||
| 100 | _aWood, Donald F., | ||
| 245 | 1 | 0 |
_aContemporary transportation / _cDonald F. Wood, James C. Johnson. |
| 260 |
_aTulsa, Okla. : _bPPC Books, _cc1980. |
||
| 300 |
_axxi, 650 p. : _bill. ; _c24 cm. |
||
| 490 | 1 | _aThe PPC marketing and management series | |
| 504 | _aIncludes bibliographies and indexes. | ||
| 650 | 0 |
_aTransportation _zUnited States. |
|
| 650 | 0 | _aTransportation. | |
| 700 | 1 |
_aJohnson, James C., _d1944- |
|
| 830 | 0 | _aPPC marketing and management series. | |
| 942 |
_cBB _k380.50973W85012 |
||
| 999 |
_c2919 _d2919 |
||